zpět

Detail výsledku týmu

KARLOS bar - Běchovice, Praha

Datum a čas kvízu

28 Celkem bodů Celkový počet nahraných bodů na tomto kvízu bez doplňovacích otázek.
2. Pořadí na kvízu Konečné umístění týmu na tomto kvízu.

Zaznamenané odpovědi

# Otázka Odpověď Body Výsledky
1. Minulý týden jsme s napětím sl... Pákistán 1
2. Majitel zkrachovalé taxislužb... K pěstování zeleniny. 0
3. Vzácný artefakt pocházející z... lodní zvon 0
4. Na jednom pražském ostrově na... Rohanský ostrov 1
5. V uplynulém týdnu odstartovaly... Sparta, Slavia, Jablonec 1
6. Před několika týdny jsme si bl... Valencie 0
7. V Madridu, ale i ve zbytku Špa... patatas bravas/papas bravas 0
8. Název jistého španělského alko... sangria 1
9. Španělské chorizo se vyrábí z... (mletá/uzená) paprika 1
10. Název této tradiční španělské... turrón/torrone 0